Building gender fairness in schools /

Bibliographic Details
Main Author: Stitt, Beverly A., 1943-
Other Authors: Erekson, Thomas L.
Format: Book
Language:English
Published: Carbondale : Southern Illinois University Press, [1988]
Subjects:

MARC

Tag First Indicator Second Indicator Subfields
LEADER 00000cam a22000008a 4500
001 in00000030326
005 20151007060302.0
008 880120s1988 ilu b 00010 eng
010 |a  88002003  
020 |a 0809314746 
035 |a (OCoLC)17440862 
035 |9 AAC0492AM 
040 |a DLC  |c DLC  |d TXA  |d UtOrBLW 
043 |a n-us--- 
049 |a TXAM  |c [A11680014] 
050 0 0 |a LC212.82  |b .S75 1988 
082 0 |a 370.19/345  |2 19 
100 1 |a Stitt, Beverly A.,  |d 1943- 
245 1 0 |a Building gender fairness in schools /  |c by Beverly A. Stitt with Thomas L. Erekson [and others]. 
263 |a 8803 
264 1 |a Carbondale :  |b Southern Illinois University Press,  |c [1988] 
264 4 |c ©1988 
300 |a xvii, 212 pages 
336 |a text  |b txt  |2 rdacontent 
337 |a unmediated  |b n  |2 rdamedia 
338 |a volume  |b nc  |2 rdacarrier 
504 |a Includes bibliographies. 
650 0 |a Sex discrimination in education  |z United States. 
650 0 |a Sexism  |z United States. 
700 1 |a Erekson, Thomas L. 
999 |a MARS 
999 f f |s bf4476fb-6ddb-3ab3-a662-3e3a11cab466  |i e58aab6a-4a47-38e7-b967-1b97a12b0916  |t 0 
952 f f |p normal  |a Texas A&M University  |b College Station  |c Sterling C. Evans Library  |d Evans: Library Stacks  |t 0  |e LC212.82 .S75 1988  |h Library of Congress classification  |i unmediated -- volume  |m A14811680014 
998 f f |a LC212.82 .S75 1988  |t 0  |l Evans: Library Stacks